Statistics for Justin Bieber Albums on the Billboard 200

Click here to take the quiz!

General Stats

  • This quiz has been taken 11 times
  • The average score is 6 of 9

Answer Stats

PeakHighest Charting SongAlbum% Correct
#1Love YourselfPurpose
90%
#1BoyfriendBelieve
80%
#1YummyChanges
80%
#5One Less Lonely GirlMy World
80%
#1Baby (with Ludacris)My World 2.0
70%
#1MistletoeUnder the Mistletoe
70%
#1Never Say Never (with Jaden Smith)Never Say Never: The Remixes
40%
#1Nothing Like UsBelieve: Acoustic
30%
#7PrayMy Worlds Acoustic
10%

Score Distribution

Percentile by Number Answered

Percent of People with Each Score

Your Score History

You have not taken this quiz